| 000 | 00405nam a22001337a 4500 | ||
|---|---|---|---|
| 008 | 150430b xxu||||| |||| 00| 0 eng d | ||
| 082 |
_a708 _bC 391o |
||
| 100 |
_aSullivan, Edward _92532 |
||
| 245 | _aOasis: The rivers of Alfredo Ceibal | ||
| 260 |
_aNew York _bGenerous Miracles Gallery _c2002 |
||
| 300 |
_a7 p. _bill. (col) _c21x30 cm |
||
| 650 |
_xCatalogo-exhibición _92533 |
||
| 700 |
_aEdward Sullivan _92534 |
||
| 999 |
_c555 _d555 |
||